| 000 | 00936cam a2200253 4500 | ||
|---|---|---|---|
| 008 | 000000n2002 000 0 eng u | ||
| 020 | _a0415187710 | ||
| 035 | _a(Sirsi) u111930 | ||
| 041 | _aeng. | ||
| 050 | _a711.3094 | ||
| 100 | _aHerrschel, T. | ||
| 245 | _aGovernance of Europe's city regions: planning, policy and politics | ||
| 260 |
_aLondon _bRoutledge _c2002 |
||
| 300 |
_a233p. _c24cm. |
||
| 350 | _a19.99 | ||
| 520 | _aProvides an introduction to European city regions and city-regional planning. Examines the trends in regional development and the responses of European scale regional and urban policy, including the changing role of the European Union with regard to regional issues. | ||
| 650 | _aEUROPE | ||
| 650 | _aREGIONAL PLANNING | ||
| 650 | _aURBAN PLANNING | ||
| 650 | _aREGIONS | ||
| 690 | _aENVIRONMENTAL AND LAND CONSULTANCY-PLANNING AND DEVELOPMENT | ||
| 700 | _aNewman, P. | ||
| 942 | _n0 | ||
| 999 |
_c101311 _d101311 |
||